000 00454cam a22001337a 4500
008 180718b1978 xxu||||| |||| 00| 0 eng d
082 _aT39x54 M896
100 _aMukherji, Sadhan
245 _aIndia's economic relations with USA and USSR: a comparative study
_cby Sadhan Mukherji
260 _aDelhi
_bSterling
_c1978
300 _a372p.
650 _aIndia - Foreign economic relations - U.S.S.R.
650 _aIndia - Foreign economic relations - U.S.A.
999 _c349160
_d349160